عرض عادي عرض مارك
  • العالم العربي

دخول Geographic Name

عدد التسجيلات المستخدمة: 1

001 - CONTROL NUMBER

  • control field: 29915

003 - CONTROL NUMBER IDENTIFIER

  • control field: AE-AdECS

005 - DATE AND TIME OF LATEST TRANSACTION

  • control field: 20260514082321.0

008 - FIXED-LENGTH DATA ELEMENTS

  • fixed length control field: 260514|| aca||aabn | a|a d

040 ## - CATALOGING SOURCE

  • Original cataloging agency: AE-AdECS
  • Transcribing agency: AE-AdECS

151 ## - HEADING--GEOGRAPHIC NAME

  • Geographic name: العالم العربي
  • General subdivision: سياسة و حكومة
  • Chronological subdivision: قرون 20-21

670 ## - SOURCE DATA FOUND

  • Source citation: Work cat.: (AE-AdECS)295112: الوائلي، عامر عبد زيد، 1968- مؤلف. 29914, الفكر السياسي العربي الحديث والمعاصر :

أبوظبي، الإمارات العربية المتحدة

reference@ecssr.ae

97124044780 +

حقوق النشر © 2026 مركز الإمارات للدراسات والبحوث الاستراتيجية جميع الحقوق محفوظة